00819nam a2200193 a 450000100100000000500170001000800410002702000180006804000250008608200140011124500600012526000320018530000270021759000280024495201120027295201120038495201120049699900170060800004722620201002053449.0180424s2017 dr a 000 spa d a9789945176186 aDO-SdBNPbspacBNPHU axxxbM425 0aMatemática 1. :bnivel secundaria antiguo 8 básica. aSanto Domingo :bSM,c2017. a223 p. :bil ;c28 .5. aInventariado, 2018 / DG 0010718PDaGRbGRcHDd2018-04-24iLF1l0oxxx M425p47226-30r2020-06-25w2020-06-25yLFPDZNo se presta 0010718PDaPDbPDcHDd2018-04-24iLF1l0oxxx M425p47226-10r2020-06-25w2020-06-25yLFPDZNo se presta 0010718PDaPDbPDcHDd2018-04-24iLF1l0oxxx M425p47226-20r2020-06-25w2020-06-25yLFPDZNo se presta c46714d46714